| 000 | 00865cam a22002291 4500 | ||
|---|---|---|---|
| 001 | med47000407 | ||
| 003 | DLC | ||
| 005 | 20260227111559.0 | ||
| 008 | 810920s1943 xx af b 000 0 spa | ||
| 010 | _amed47000407 | ||
| 035 | _a(OCoLC)14731664 | ||
| 040 |
_aDLC _cDNLM _dDLC |
||
| 042 | _apremarc | ||
| 050 | 0 | 0 |
_aRC659 _b.T48 |
| 060 | 0 |
_aWK 700 _bT363n 1943 |
|
| 100 | 1 | _aThaddea, Sigismund. | |
| 245 | 1 | 3 |
_aLa insuficiencia suprarrenal y sus formas clínicas, _cpor el dr. Sigismund Thaddea ... con un prefacio del prof. dr. G. von Bergmann ... traducción del alemán por el dr. José M. Sacristán. Con 73 figuras, parte en color, y 8 tablas. |
| 260 |
_aMadrid, _bEspasa-Calpe, s. a., _c1943. |
||
| 300 |
_a208 p. _bill., plates. |
||
| 500 | _aTranslation of Die Nebenniereninsuffizienz und ihr Formenkreis. | ||
| 504 | _a"Bibliografía". p. [181]-203. | ||
| 999 |
_c38065 _d38065 |
||